Estudios de educación (Registro nro. 6154)

Detalles MARC
000 -LEADER
fixed length control field 01137 a2200253 4500
001 - CONTROL NUMBER
control field 57162
005 - DATE AND TIME OF LATEST TRANSACTION
control field 20260407155834.0
008 - FIXED-LENGTH DATA ELEMENTS--GENERAL INFORMATION
fixed length control field 260407a2003 arg spa d
003 - CONTROL NUMBER IDENTIFIER
control field AR-UNSa-BCEJYS
040 ## - CATALOGING SOURCE
Original cataloging agency AR-UNSa-BCEJYS
Language of cataloging spa
Transcribing agency AR-UNSa-BCEJYS
080 ## - UNIVERSAL DECIMAL CLASSIFICATION NUMBER
Universal Decimal Classification number 37
Common auxiliary subdivision Educación. Enseñanza. Formación
020 ## - INTERNATIONAL STANDARD BOOK NUMBER
International Standard Book Number 84-95294-49-4
041 ## - LANGUAGE CODE
Language code of text/sound track or separate title spa
100 1# - MAIN ENTRY--PERSONAL NAME
Personal name Di Carlo, Enrique
245 10 - TITLE STATEMENT
Title Estudios de educación
Name of part/section of a work un examén desde Platón a Piaget
264 #1 - PRODUCTION, PUBLICATION, DISTRIBUTION, MANUFACTURE, AND COPYRIGHT NOTICE
Place of production, publication, distribution, manufacture Buenos Aires :
Name of producer, publisher, distributor, manufacturer Miño y Dávila
Date of production, publication, distribution, manufacture, or copyright notice 2003
300 ## - PHYSICAL DESCRIPTION
Extent 203 p.
Dimensions 21 cm.
505 ## - FORMATTED CONTENTS NOTE
Formatted contents note 1. Platón. Dialéctica de la elevación y mundo sensible – 2. Aristóteles. Educación y habito – 3. Rousseau. El Emilio y la conquista de la universalidad interior – 4. Piaget. Examen crítico de los motivos piagetianos de la formación moral en el niño – 5. Contribuciones criticas sobre los caminos y posibilidades de la educación hoy
590 ## - LOCAL NOTE (RLIN)
Local note niveau_biblio:m niveau_hierar:0
700 1# - ADDED ENTRY--PERSONAL NAME
Personal name Gamba, Ricardo
700 1# - ADDED ENTRY--PERSONAL NAME
Personal name Burlastegui, Marisa
856 41 - ELECTRONIC LOCATION AND ACCESS
Uniform Resource Identifier <a href="https://biblioeco.unsa.edu.ar/pmb/images/libros/L128732.jpg">https://biblioeco.unsa.edu.ar/pmb/images/libros/L128732.jpg</a>
Link text Imagen de portada
Electronic format type image/jpeg
942 ## - ADDED ENTRY ELEMENTS (KOHA)
Koha item type
Existencias
Withdrawn status Lost status Damaged status Not for loan Home library Current library Shelving location Date acquired Total checkouts Full call number Barcode Date last seen Price effective from Koha item type
        Biblioteca Prof. Eusebio Cleto del Rey Biblioteca Prof. Eusebio Cleto del Rey   07/04/2026   37 D536 L128732 07/04/2026 07/04/2026 Libro